Вып. 81 : Работы Тяньшанской физико-географической станции. № 7; Труды Института географии

Bibliographic Details
Parent link:Труды Института географии/ Академия наук СССР, Институт географии. Вып. 81 : Работы Тяньшанской физико-географической станции. № 7.— , 1937-1962
Other Authors: Рихтер Г. Д. (редактор)
Language:Russian
Published: 1962
Subjects:
Format: Book
KOHA link:https://koha.lib.tpu.ru/cgi-bin/koha/opac-detail.pl?biblionumber=103449

MARC

LEADER 00000nam2a2200000 4500
001 103449
005 20231031113647.0
035 |a (RuTPU)RU\TPU\book\111540 
035 |a RU\TPU\book\252068 
035 |a RU\TPU\book\252444 
090 |a 103449 
100 |a 20130201d1962 k y0rusy50 ca 
101 0 |a rus 
102 |a RU 
105 |a a z 001zy 
200 0 |a Вып. 81 : Работы Тяньшанской физико-географической станции. № 7  |f под ред. Г. Д. Рихтера 
210 |d 1962 
215 |c ил.  |a 148 с. 
320 |a Библиография в конце статей 
461 1 |0 (RuTPU)RU\TPU\retro\2587  |t Труды Института географии  |f Академия наук СССР, Институт географии  |v Вып. 81 : Работы Тяньшанской физико-географической станции. № 7  |d 1937-1962 
606 1 |a Физико-географические исследования  |2 stltpush  |3 (RuTPU)RU\TPU\subj\63731 
610 1 |a геологические исследования 
610 1 |a геологические станции 
610 1 |a Тянь-Шань 
610 1 |a погода 
610 1 |a Терскей-Алатау 
610 1 |a Заилийский Алатау 
610 1 |a Иссык-Кульская котловина 
610 1 |a снежные обвалы 
610 1 |a гидрология 
610 1 |a растительность 
610 1 |a пустыни 
610 1 |a полупустыни 
610 1 |a животные 
675 |a 910.25  |v 3 
702 1 |a Рихтер  |b Г. Д.  |4 340 
801 1 |a RU  |b 63413507  |c 20061017  |g PSBO 
801 2 |a RU  |b 63413507  |c 20180816  |g PSBO 
942 |c BK